00852cam a2200241u 450000100100000000500170001000800410002701000130006804000240008108200190010510000380012424000330016224500760019526000400027130000210031144000180033253400330035065000260038365000300040991000340043995201220047399900150059500000467320200929151459.0840524s1966 fr 000 0 fre  a72326115 aDO-SdBNPcCarPdDLC a843.914bT864f1 aTroyat, Henri,d1911-2007.91362001aSophie ou la fin des combats10aEl fin de lucha / Henri Troyat ; versión española de Jaime Maestro. aBarcelona :bLuis de Caralt,c1966. a268 p. ;c20 cm. 0aGIGANTE94165 aSophie ou la fin des combats 4aNovela francesa91075 4aLiteratura francesa91074 aCatalogación por copia / LC 001052708MOaGRbGRcCTd2009-07-24iLF1l0o843.914 T864fp4673-10r2020-06-25w2020-06-25y2ZPréstamo interno c4479d4479